Love Grows (Where My Rosemary Goes) - Lyrics - Statistics

General Stats
  • This quiz has been taken 54 times
  • The average score is 178 of 219
Answer Stats
Answer % Correct
a
100%
and
97%
And
97%
I
97%
She
97%
goes
95%
got
95%
grows
95%
Her
95%
her
95%
her,
95%
is
95%
love
95%
my
95%
no
95%
Rosemary
95%
where
95%
kinda
92%
knows
92%
La
92%
la
92%
la,
92%
lazy
92%
like
92%
me
92%
nobody
92%
Nobody
92%
crazy
89%
funny
89%
hair
89%
money
89%
she's
89%
She's
89%
ain't
86%
are
86%
but
86%
clothes
86%
free
86%
people
86%
wild
86%
Oh,
84%
life's
81%
mystery
81%
say
81%
say,
81%
talks
81%
just
78%
lucky
78%
so
78%
That
78%
I'm
76%
tell
76%
to
76%
about
73%
endlessly
73%
fella
73%
gotta
73%
It
73%
it
73%
something
73%
There's
73%
feeling
70%
Because
68%
hand
68%
It's
68%
it's
68%
mine
68%
away
65%
can't
65%
well
65%
fine
62%
hey!
62%
magical
62%
really
62%
that's
62%
get
59%
spell
59%
working
59%
met
54%
holding
51%
forget
43%
If
41%
never
41%
place
41%
every
38%
you'll
35%
been
32%
when
32%
you've
32%
keeps
27%
growing
24%
believe
16%
seen
11%
No matching quizzes found
Score Distribution
Percent of People with Each Score
Percentile by Number Answered
Your Score History
You have not taken this quiz